| 000 | 00783cab a2200253 4500 | ||
|---|---|---|---|
| 001 | ABS58306 | ||
| 008 | 090401t1997 xxu||||| |||| 00| 0 eng d | ||
| 035 | _a(Sirsi) u84503 | ||
| 041 | _aeng | ||
| 100 | _aBradford, J. | ||
| 245 | _aEDI: is it here yet? | ||
| 260 | _c1997 | ||
| 350 | _a0 | ||
| 490 |
_aCanadian Appraiser _v41(4) Winter 1997, 34-35(2) |
||
| 520 | _aDiscusses Electronic Data Interchange (EDI) and the potential impact on property appraisal. (Canadian Article) | ||
| 650 | _aAPPRAISAL MANAGEMENT | ||
| 650 | _aELECTRONIC DATA INTERCHANGE | ||
| 650 | _aELECTRONIC DATA INTERCHANGE | ||
| 650 | _aPROPERTY APPRAISAL | ||
| 650 |
_aValuation _96273 |
||
| 690 | _aMANAGEMENT-BUSINESS MANAGEMENT-INFORMATION MANAGEMENT | ||
| 942 | _n0 | ||
| 948 | _c25/02/1998 | ||
| 999 |
_c53103 _d53103 |
||